| 000 | 00349nam a2200121Ia 4500 | ||
|---|---|---|---|
| 008 | 160609s9999 xx 000 0 und d | ||
| 100 | _aCaylor, Carl. | ||
| 245 | _aPortraiture Unplugged: Natural Light Photography | ||
| 245 | _cBy:Carl Caylor | ||
| 260 | _c2015 | ||
| 650 | _xPHOTOGRAPHY | ||
| 856 | _uhttp://file.ebook777.com/003/978-1608958832.PDF | ||
| 999 |
_c295794 _d295794 |
||